| 000 | 00731nmm a2200217 a 4500 | ||
|---|---|---|---|
| 003 | AR-BaBNM | ||
| 005 | 20251128204027.0 | ||
| 008 | 027019s1937 ||||||||||||||000 | spa|| | ||
| 040 | _cAR-BaBNM | ||
| 100 | 1 |
_aAvellaneda, Nicolás _d1837-1885 |
|
| 245 | 1 | 0 |
_aPensamientos de Avellaneda _bextraídos de sus escritos y discursos |
| 260 |
_aBuenos Aires _bMinisterio de Justicia e Instrucción Pública _c1937 |
||
| 300 | 0 | _a72 p. | |
| 500 | 0 | _aPublicado en homenaje al esclarecido estadista en ocasión del primer centenario de su nacimiento 1837-1937 | |
| 650 | 4 | _aHISTORIA DE LAS IDEAS | |
| 650 | 4 | _aPRESIDENCIAS ARGENTINAS | |
| 650 | 4 | _aGENERACION DE 1880 | |
| 650 | 4 | _aHISTORIA POLITICA | |
| 942 | _cBK | ||
| 998 | _cmariana | ||
| 999 |
_c5857 _d5857 |
||